Xử lý ác mộng văn phòng : Làm thế nào để đối phó với những tình huống và con người khó chịu

محفوظ في:
التفاصيل البيبلوغرافية
مؤلف مشترك: Business the Ultimate Resource
التنسيق: كتاب
اللغة:Undetermined
منشور في: Thành phố Hồ Chí Minh Trẻ 2006
الموضوعات:
الوسوم: إضافة وسم
لا توجد وسوم, كن أول من يضع وسما على هذه التسجيلة!
Thư viện lưu trữ: Trung tâm Học liệu Trường Đại học Cần Thơ
LEADER 00704nam a2200193Ia 4500
001 CTU_103606
008 210402s9999 xx 000 0 und d
082 |a 651.1 
082 |b B976 
110 |a Business the Ultimate Resource 
245 0 |a Xử lý ác mộng văn phòng : 
245 0 |b Làm thế nào để đối phó với những tình huống và con người khó chịu 
245 0 |c Business the Ultimate Resource ; Phương Chi dịch 
260 |a Thành phố Hồ Chí Minh 
260 |b Trẻ 
260 |c 2006 
650 |a Office management,Success in business 
904 |i Hiếu 
980 |a Trung tâm Học liệu Trường Đại học Cần Thơ